Universidad e investigación científica: convergencias y tensiones /

Na minha lista:
Detalhes bibliográficos
Autor principal: Vessuri, Hebe
Outros Autores: comp
Formato: Texto
Publicado em: Buenos Aires: CLACSO. UNESCO
Assuntos:
Tags: Adicionar Tag
Sem tags, seja o primeiro a adicionar uma tag!

MARC

LEADER 00000 a a2200000 04500
001 35405
003
040
020 |a 978-987-1183-62-3  
090 |a 0005 V 582u  
100 |a Vessuri, Hebe  
245 |a Universidad e investigación científica: convergencias y tensiones /  |c Hebe Vessuri 
260 |a Buenos Aires:   |b CLACSO. UNESCO  
300 |a 236 p.  
650 |a EDUCACION SUPERIOR  
650 |a ENSAÑANZA A DISTANCIA  
650 |a ACUERDOS CULTURALES  
650 |a CONVENIOS  
650 |a MERCADO  
650 |a GLOBALIZACION  
650 |a AMERICA LATINA  
650 |a ENSEÑANZA SUPERIOR  
650 |a ACUERDOS CULTURALES  
650 |a CONVENIOS  
700 |a comp.  
999 |c 10062  |d 10062